Datum a čas kvízu
29
Celkem bodů
Celkový počet nahraných bodů na tomto kvízu bez doplňovacích otázek.
9.
Pořadí na kvízu
Konečné umístění týmu na tomto kvízu.
Zaznamenané odpovědi
| # | Otázka | Odpověď | Body | Výsledky |
|---|---|---|---|---|
| 1. | Dne 3. února 2022 podepsali če... | Turów | 1 | |
| 2. | Na fotce je Hansův ostrov. O t... | Dánsko, Kanada | 1 | |
| 3. | Ve kterém měsíci roku 2022 zví... | v dubnu | 0 | |
| 4. | Ve kterém státě byla pořízena... | na Srí Lance | 1 | |
| 5. | Minulý rok proběhlo již 22. mi... | Argentina | 0 | |
| 6. | Ve kterém filmu ztvárnila hlav... | Ucho | 0 | |
| 7. | Jak se jmenuje seriálová novin... | 1899 | 1 | |
| 8. | Přiřaďte k sobě režiséry a jej... | 1C 2A 3D 4B | 1 | |
| 9. | Celkem kolik hereček si v dosu... | tři herečky | 1 | |
| 10. | Jak se jmenuje román americkéh... | Forrest Gump | 1 |